00483nam a2200133Ia 4500008004100000082002000041100002900061245006500090260004400155300001000199942001200209999001900221952010900240210430s9999 xx 000 0 und d a621.402 M6271 I aStanley Middleman954038 3aAn Introduction to Mass and heat TransfercStanley Middleman aNew York bJohn Wiley & Sons,Inc.c1998 a672p. cBK2ddc c564488d564488 001040708NFICaSCMEbSCMEcGENd0008-02-11l0o621.402 M6271 IpSCME-3702r2021-04-30w2021-04-30yBK